Sexual violence as a weapon of war : (Record no. 6706)

MARC details
000 -LEADER
fixed length control field 01472cam a2200421Mi 4500
001 - CONTROL NUMBER
control field ocn847832072
003 - CONTROL NUMBER IDENTIFIER
control field OCoLC
005 - DATE AND TIME OF LATEST TRANSACTION
control field 20220330143927.0
008 - FIXED-LENGTH DATA ELEMENTS--GENERAL INFORMATION
fixed length control field 130603s2013 sw b 001 0 eng
040 ## - CATALOGING SOURCE
Original cataloging agency AU@
Language of cataloging eng
Transcribing agency AU@
Modifying agency OCLCF
-- OCLCO
-- OCLCQ
-- OCLCA
020 ## - INTERNATIONAL STANDARD BOOK NUMBER
International Standard Book Number 9781780321639
020 ## - INTERNATIONAL STANDARD BOOK NUMBER
International Standard Book Number 1780321635
029 0# - (OCLC)
OCLC library identifier AU@
System control number 000051537784
035 ## - SYSTEM CONTROL NUMBER
System control number (OCoLC)847832072
043 ## - GEOGRAPHIC AREA CODE
Geographic area code f-cg---
049 ## - LOCAL HOLDINGS (OCLC)
Holding library TZAA
100 1# - MAIN ENTRY--PERSONAL NAME
Personal name Baaz, Maria Eriksson.
245 10 - TITLE STATEMENT
Title Sexual violence as a weapon of war :
Remainder of title perceptions, prescriptions, problems in the Congo and beyond /
Statement of responsibility, etc Maria Eriksson Baaz and Maria Stern.
260 ## - PUBLICATION, DISTRIBUTION, ETC. (IMPRINT)
Place of publication, distribution, etc Uppsala, Sweden :
Name of publisher, distributor, etc Nordic Africa Institute,
Date of publication, distribution, etc 2013.
300 ## - PHYSICAL DESCRIPTION
Extent 157 pages ;
Dimensions 24 cm
336 ## -
-- text
-- txt
-- rdacontent
337 ## -
-- unmediated
-- n
-- rdamedia
338 ## -
-- volume
-- nc
-- rdacarrier
504 ## - BIBLIOGRAPHY, ETC. NOTE
Bibliography, etc Includes bibliographical references and index.
650 #0 - SUBJECT ADDED ENTRY--TOPICAL TERM
Topical term or geographic name as entry element Sex crimes
Geographic subdivision Congo (Democratic Republic)
650 #0 - SUBJECT ADDED ENTRY--TOPICAL TERM
Topical term or geographic name as entry element Sex crimes.
650 #0 - SUBJECT ADDED ENTRY--TOPICAL TERM
Topical term or geographic name as entry element Military art and science
Geographic subdivision Congo (Democratic Republic)
650 #0 - SUBJECT ADDED ENTRY--TOPICAL TERM
Topical term or geographic name as entry element Rape
Geographic subdivision Congo (Democratic Republic)
650 #0 - SUBJECT ADDED ENTRY--TOPICAL TERM
Topical term or geographic name as entry element Rape.
650 #0 - SUBJECT ADDED ENTRY--TOPICAL TERM
Topical term or geographic name as entry element Military art and science.
650 #7 - SUBJECT ADDED ENTRY--TOPICAL TERM
Topical term or geographic name as entry element Military art and science.
Source of heading or term fast
-- (OCoLC)fst01020874
650 #7 - SUBJECT ADDED ENTRY--TOPICAL TERM
Topical term or geographic name as entry element Rape.
Source of heading or term fast
-- (OCoLC)fst01089970
650 #7 - SUBJECT ADDED ENTRY--TOPICAL TERM
Topical term or geographic name as entry element Sex crimes.
Source of heading or term fast
-- (OCoLC)fst01114275
651 #7 - SUBJECT ADDED ENTRY--GEOGRAPHIC NAME
Geographic name Congo (Democratic Republic)
Source of heading or term fast
-- (OCoLC)fst01208723
700 1# - ADDED ENTRY--PERSONAL NAME
Personal name Stern, Maria.
830 #0 - SERIES ADDED ENTRY--UNIFORM TITLE
Uniform title Africa now.
994 ## -
-- C0
-- TZACH

No items available.

African Court on Human and Peoples' Rights | For Inquiries Contact » +255 272 510 510